Thundercats Characters Quiz Stats

 Plays Quiz not verified by Sporcle

Support Sporcle.
Go Orange.
Score 0/69 Timer 10:00
0 Plays Today
Race Character % Correct
ThundercatLion-O
93.9%
ThundercatCheetara
89.5%
ThundercatPanthro
87.5%
ThundercatSnarf
85.3%
ThundercatWilykit
78.2%
ThundercatWilykat
78.2%
ThundercatJaga
73.8%
ThundercatTygra
69.4%
UnknownMumm-Ra
60.5%
ThundercatLynx-O
58.8%
ThundercatBen Gali
58.6%
ThundercatPumyra
52%
MutantSlithe
45.8%
MutantMonkian
42.4%
MutantJackalman
41.4%
MutantVultureman
40.9%
ThundercatSnarfer
33.8%
UnknownMa-Mutt
31.6%
Good Third EartherSnowman
29.2%
MutantRatar-O
27.2%
Other Good PeopleMandora
26.7%
Other Good PeopleHachiman
26.7%
UnknownDriller
26.5%
ThundercatClaudis
26.2%
LunatacLuna
26%
BerserkerHammer Hand
25.7%
Good Third EartherSnowmeow
23.8%
LunatacChilla
21.8%
ThundercatKano
21.6%
ThundercatScooper
21.3%
Good Third EartherMumm-Rana
20.8%
LunatacRedeye
20.1%
BerserkerTop Spinner
17.6%
LunatacTugmug
17.2%
LunatacAlluro
17.2%
Race Character % Correct
BerserkerRam Bam
16.9%
Other Good PeopleJaguara
16.2%
Other Bad GuySafari Joe
15.9%
Other Good PeopleWizz-Ra
15.7%
Other Bad GuyCaptain Cracker
15.4%
Other Bad GuyCaptain Shiner
15%
Other Good PeopleChar
14.2%
Good Third EartherQueen Willa
13.7%
BerserkerCruncher
13.5%
Good Third EartherUnicorn
13%
Good Third EartherBrutemen
12.5%
Other Bad GuyShadowmaster
12.5%
Other Good PeopleLeah
12.3%
Other Bad GuyQuick Pick
12%
Evil Third EartherMad Bubbler
11.8%
Good Third EartherDr Dome Tome
11.3%
Other Good PeopleSondora
10.5%
Evil Third EartherMongor
10.5%
Good Third EartherRobear Berbil
8.6%
UnknownMirror Wraith
8.3%
Evil Third EartherOoze
8.3%
LunatacAmuck
8.1%
Evil Third EartherBlack Widow Shark
7.6%
Other Bad GuyTwo Time
7.4%
Other Bad GuyPlutar
6.6%
Good Third EartherUnicorn Guardian
6.4%
Evil Third EartherTashi
6.4%
Evil Third EartherGroon the Destroyer
5.9%
Evil Third EartherQueen Tartara
5.4%
Other Bad GuyBurn Out
5.1%
Good Third EartherArrietta Bird
4.7%
Good Third EartherBulkin
4.7%
Evil Third EartherFeerits
2.9%
Evil Third EartherGorot-Rat
1.7%

You're not logged in!

Compare scores with friends on all Sporcle quizzes.
OR
Log In

From the Vault

Mastermind

by goc3

Play enough of these and you'll be seeing little colorful dots all day.
Remove Ads.
Support Sporcle.
Get the best of Sporcle when you Go Orange. This ad-free experience offers more features, more stats, and more fun while also helping to support Sporcle. Thank you for becoming a member.

Show Comments

Extras

Top Quizzes Today


Score Distribution

Your Account Isn't Verified!

In order to create a playlist on Sporcle, you need to verify the email address you used during registration. Go to your Sporcle Settings to finish the process.

Report this User

Report this user for behavior that violates our Community Guidelines.

Details: